| 000 | 01727cam a2200169 4500500 | ||
|---|---|---|---|
| 005 | 20260419000351.0 | ||
| 041 | _afre | ||
| 042 | _adc | ||
| 100 | 1 | 0 |
_aAguezzoul, Aïcha _eauthor |
| 700 | 1 | 0 |
_aPaché, Gilles _eauthor |
| 245 | 0 | 0 | _aEntre progreso y resistencia. Las universidades ante la prueba de la inteligencia artificial |
| 260 | _c2026. | ||
| 500 | _a91 | ||
| 520 | _aEn la era de la inteligencia artificial (IA), las universidades atraviesan una profunda transformación, especialmente en Francia, marcada por una alternancia entre innovaciones prometedoras y preocupaciones éticas. Gracias a la personalización de los contenidos y a la automatización de la evaluación, la IA facilita la adquisición de conocimientos por parte del estudiantado y refuerza su implicación. Sin embargo, al mismo tiempo genera inquietudes respecto a la preservación de los métodos tradicionales, así como a cuestiones delicadas de confidencialidad, equidad tecnológica y sesgo algorítmico. Este artículo explora las percepciones, expectativas y preocupaciones del alumnado a través de una encuesta realizada a estudiantes de los programas de licenciatura (tercer año) y máster (primer y segundo año). Aunque muchos consideran la IA una herramienta de aprendizaje más eficaz y flexible, otros expresan claramente su malestar ante la posible deshumanización de su formación. El reto de los próximos años será, sin duda, combinar la innovación tecnológica con exigencias educativas sostenibles. | ||
| 786 | 0 | _nLa Revue des Sciences de Gestion | 337 | 1 | 2026-02-23 | p. 11-17 | 1160-7742 | |
| 856 | 4 | 1 | _uhttps://shs.cairn.info/revista-revue-des-sciences-de-gestion-2026-1-page-11?lang=es&redirect-ssocas=7080 |
| 999 |
_c2212508 _d2212508 |
||